000
00335 a2200109 4500
001
ART_7304
005
20260410161720.0
008
260409a
245
1
0
_a
La Contabilidad acumulativa y por lo devengado
100
1
_a
Le Pera, Alfredo
773
0
_t
Contabilidad y auditoría
_g
- Año 7, Nº 14 (dic. 2001)
_w
REV1723
999
_c
16846
_d
16846